Estatísticas para Times de Futebol de Pernambuco por Microrregiões

Clique aqui para jogar o quiz

Estatísticas Gerais

  • Esse quiz foi jogado 177 vezes
    (100 desde o último reset)
  • A pontuação média é 14 de 29

Estatísticas das Respostas

MicrorregiõesTimes% Correto
Região Metropolitana do RecifeSanta Cruz
99%
Região Metropolitana do RecifeSport
99%
Região Metropolitana do RecifeNáutico
98%
SalgueiroSalgueiro AC
84%
PetrolinaPetrolina Social FC
80%
Vale do IpojucaCentral
74%
Região Metropolitana do RecifeÍbis
73%
Vitória de Santo AntãoVitória das Tabocas
69%
PajeúAfogados da Ingazeira FC
60%
Região Metropolitana do RecifeAmérica
60%
Vale do IpojucaPorto
60%
Sertão do MoxotóFlamengo de Arcoverde
50%
Vale do IpojucaCaruaru City
49%
Vitória de Santo AntãoVera Cruz FC
48%
GaranhunsSete de Setembro
44%
Vale do IpojucaBelo Jardim FC
43%
AraripeAraripina FC
40%
PajeúSerra Talhada FC
40%
Região Metropolitana do RecifeCabense
38%
Alto CapibaribeYpiranga
34%
Região Metropolitana do RecifeFerroviário do Cabo
33%
Região Metropolitana do RecifeDecisão
29%
Petrolina1 de Maio
26%
PajeúSerrano
25%
Médio CapibaribeCentro Limoeirense
24%
Vale do IpojucaPesqueira FC
20%
Mata SetentrionalAtlético Pernambucano
16%
Vitória de Santo AntãoChã Grande FC
14%
Mata SetentrionalTimbaúba FC
10%

Distribuição das Pontuações

Percentil de Números Respondidos

Porcentagem de Pessoas com Cada Pontuação

Sua Pontuação Histórica

Você não jogou esse quiz desde o último reset